El fantasma de Canterville
Guardat en:
| Autor principal: | |
|---|---|
| Format: | Llibre |
| Idioma: | espanyol |
| Publicat: |
Santiago
Zig-Zag
1990
|
| Col·lecció: | Grandes Clásicos escolares Zig-Zag
|
| Matèries: | |
| Etiquetes: |
Afegir etiqueta
Sense etiquetes, Sigues el primer a etiquetar aquest registre!
|
MARC
| LEADER | 00000nam a2200000 a 4500 | ||
|---|---|---|---|
| 001 | UCH6001 | ||
| 003 | CL-VaPUC | ||
| 008 | 091109e19900000CL |||||||||||||||||spa|d | ||
| 082 | 0 | 4 | |a 823 |b WIL |2 21 |
| 100 | |a Wilde, Oscar |d 1854-1900 |e author |9 347444 | ||
| 245 | 1 | 3 | |a El fantasma de Canterville |
| 246 | 1 | 3 | |a El crime de Lord Saville |
| 300 | |a 124 p | ||
| 942 | |c BK | ||
| 945 | |d 20091109 00:00:00 |a lazolas | ||
| 260 | |a Santiago |b Zig-Zag |c 1990 | ||
| 650 | 0 | |a Cuentos ingleses |9 265135 | |
| 583 | |a last modification |c 20091109 00:00:00 |k Rodrigo Vera | ||
| 490 | 0 | |a Grandes Clásicos escolares Zig-Zag | |
| 999 | |c 336983 |d 336981 | ||